Detalles MARC
| 000 -LIDER |
| fixed length control field |
01196nam a22003017a 4500 |
| 001 - NÚMERO DE CONTROL |
| Identificador de número de control |
00189 |
| 003 - IDENTIFICACDOR DE NÚMERO DE CONTROL |
| control field |
DO-SdBNP |
| 005 - DATE AND TIME OF LATEST TRANSACTION |
| control field |
20180307111315.0 |
| 007 - CAMPOS FIJOS DE DESCRIPCIÓN FÍSICA |
| fixed length control field |
00189 |
| 008 - ELEMENTOS DE LONGITUD FIJA |
| fixed length control field |
160413b dr 2000 ||||| |||| 00| 0 spa d |
| 020 ## - ISBN |
| International Standard Book Number |
9789945400151 |
| 040 ## - FUENTE DE CATALOGACIÓN |
| Agencia que crea de manera original el registro |
BPMSU |
| Idioma de catalogación |
spa |
| Agencia que realiza la transcripción |
BPMSU |
| 092 ## - LOCALLY ASSIGNED DEWEY DECIMAL CALL NUMBER |
| Número de clasificación |
373.7 |
| Número de ítem (Cutter) |
R788m 7mo./8vo. [20--?] |
| 100 1# - ASIENTO PRINCIPAL -- NOMBRE PERSONAL |
| Nombre personal |
Rosa, María del Jesús De la |
| 245 1# - MENCIÓN DE TITULO |
| Título |
Matmática VII & VIII / |
| Mención de responsabilidad |
María del Jesús De la Rosa |
| 260 ## - PUBLICACIÓN, DISTRIBUCIÓN, ETC. (PIE DE IMPRENTA) |
| Lugar de publicación, distribución, etc |
Santo Domingo : |
| Nombre del editor, distribuidor, etc. |
Actualidad Escolar 2000, |
| Fecha de publicación, distribución, etc |
2000. |
| 300 ## - DESCRIPCIÓN FÍSICA |
| Extensión |
176 p. : |
| Otros detalles físicos |
il., |
| Dimensiones |
28 cm. |
| 505 0# - NOTA DE CONTENIDO |
| Información miscelánea |
VII - |
| Título |
Unidad I - Transformaciones -- |
| -- |
Unidad II - Identidades trigonométricas. |
| Información miscelánea |
VIII - |
| Título |
Unidad I - Análisis combinatorio -- |
| -- |
Unidad II - Sucesiones y series -- |
| -- |
Unidad III - Introducción al cálculo |
| -- |
Unidad IV - Probabilidades |
| 650 ## - ENCABEZAMIENTO DE MATERIA--TEMÁTICO |
| Término temático o nombre geográfico como elemento de entrada |
MATEMÁTICAS |
| Subdivisión temática general |
ENSEÑANZA SECUNDARIA |
| 650 #4 - ENCABEZAMIENTO DE MATERIA--TEMÁTICO |
| Término temático o nombre geográfico como elemento de entrada |
MATEMÁTICAS |
| Subdivisión temática general |
ESTUDIOS Y EJERCICIOS |
| 650 #4 - ENCABEZAMIENTO DE MATERIA--TEMÁTICO |
| Término temático o nombre geográfico como elemento de entrada |
MATEMÁTICAS |
| Subdivisión temática general |
LIBROS DE TEXTOS |
| 650 #4 - ENCABEZAMIENTO DE MATERIA--TEMÁTICO |
| Término temático o nombre geográfico como elemento de entrada |
EDUCACIÓN SECUNDARIA |
| Subdivisión temática general |
REPÚBLICA DOMINICANA |
| 700 1# - ASIENTO SECUNDARIO -- NOMBRE PERSONAL |
| Nombre personal |
Medrano, Francisca Antonia |
| 910 ## - VALIDACIÓN |
| Validación |
Validado. Control de calidad MFF |
| 942 ## - ADDED ENTRY ELEMENTS (KOHA) |
| Source of classification or shelving scheme |
Dewey Decimal Classification |
| Koha item type |
Libros |
| 945 ## - INFORMACIÓN DE PROCESAMIENTO LOCAL |
| Información de procesamiento local |
Remanejado para la BNPHU / 2018 VM |
| 956 ## - LOCAL ELECTRONIC LOCATION AND ACCESS (OCLC) |
| Nombre de host |
Brenda Tavárez |